[Event "XtraCon-Skakligaen"]
[Site "Denmark"]
[Date "2009.03.22"]
[Round "9.3"]
[White "Christensen, Stefan"]
[Black "Smith, Axel"]
[Result "0-1"]
[WhiteElo "2319"]
[BlackElo "2391"]
[PlyCount "114"]
[EventDate "2008.11.01"]
[EventType "team-tourn"]
[EventRounds "9"]
[EventCountry "DEN"]
[WhiteTeam "Jetsmark"]
[BlackTeam "K41"]
[WhiteTeamCountry "DEN"]
[BlackTeamCountry "DEN"]

1. e4 e5 2. Nf3 Nc6 3. Bb5 Nf6 4. O-O Nxe4 5. Re1 Nd6 6. Nxe5 Be7 7. Bd3 Nxe5
8. Rxe5 O-O 9. Nc3 c6 10. b3 Ne8 11. Bb2 d5 12. Qh5 Nf6 13. Qh4 Be6 14. Rg5 g6
15. f4 Ne8 16. Ne2 Ng7 17. Qh6 Bf6 18. Bxf6 Qxf6 19. Rf1 Bf5 20. Bxf5 Nxf5 21.
Qh3 Rae8 22. Qd3 Re4 23. Ng3 Nxg3 24. hxg3 Rfe8 25. c3 Kg7 26. Kh2 h6 27. Rg4
Qf5 28. Rh4 Rxf4 29. Qxf5 Rxf5 30. Rxf5 gxf5 31. Kg1 Re4 32. Kf2 Kg6 33. Rh1 f4
34. gxf4 Rxf4+ 35. Kg3 Rf6 36. Rg1 Kg5 37. Rh1 h5 38. d4 Re6 39. Kf3 h4 40. Rc1
Rf6+ 41. Ke3 Kg4 42. c4 Kg3 43. Rc2 Rf1 44. cxd5 cxd5 45. Rc5 Rf5 46. Rc2 Rf1
47. Rc5 Kxg2 48. Rxd5 f5 49. Rd7 Rf3+ 50. Ke2 h3 51. Rh7 f4 52. d5 Rg3 53. d6
f3+ 54. Kd2 f2 55. d7 Rg8 56. Rg7+ Rxg7 57. d8=Q f1=Q 0-1

[Event "XtraCon-Skakligaen"]
[Site "Denmark"]
[Date "2009.03.22"]
[Round "9.6"]
[White "Olesen, Martin"]
[Black "Wiwe, Andreas"]
[Result "1-0"]
[WhiteElo "2312"]
[BlackElo "2185"]
[PlyCount "89"]
[EventDate "2008.11.01"]
[EventType "team-tourn"]
[EventRounds "9"]
[EventCountry "DEN"]
[WhiteTeam "K41"]
[BlackTeam "Jetsmark"]
[WhiteTeamCountry "DEN"]
[BlackTeamCountry "DEN"]

1. e4 c5 2. Nc3 d6 3. g3 Nc6 4. Bg2 g6 5. d3 Bg7 6. Be3 e5 7. Nh3 Nge7 8. O-O
Nd4 9. f4 O-O 10. Rf2 Qb6 11. Rb1 Bh6 12. Qd2 f6 13. a3 Qc7 14. Rbf1 Bg7 15.
Nd1 Be6 16. c3 Qd7 17. fxe5 dxe5 18. cxd4 cxd4 19. Bg5 fxg5 20. Nxg5 Rxf2 21.
Qxf2 Rf8 22. Qe2 Rxf1+ 23. Qxf1 Bb3 24. Bh3 Qc6 25. Nf2 h6 26. Nf3 Qc2 27. Ng4
Nc6 28. Nh4 Ne7 29. Nf3 Qxb2 30. Nfxe5 Qxa3 31. Nf6+ Kh8 32. Nfd7 Qa2 33. Qc1
Qc2 34. Qa3 Qd1+ 35. Bf1 Nc6 36. Nxg6+ Kh7 37. Nf4 Bf7 38. Qd6 Qg4 39. e5 Qg5
40. e6 Bg8 41. Bg2 Kh8 42. Bxc6 bxc6 43. e7 Bf7 44. Qb8+ Kh7 45. Nf8+ 1-0

[Event "XtraCon-Skakligaen"]
[Site "Denmark"]
[Date "2009.03.22"]
[Round "9.7"]
[White "Jensen, Bjarke"]
[Black "Naes, Flovin Tor"]
[Result "1-0"]
[WhiteElo "2225"]
[BlackElo "2259"]
[PlyCount "71"]
[EventDate "2008.11.01"]
[EventType "team-tourn"]
[EventRounds "9"]
[EventCountry "DEN"]
[WhiteTeam "Jetsmark"]
[BlackTeam "K41"]
[WhiteTeamCountry "DEN"]
[BlackTeamCountry "DEN"]

1. e4 e5 2. Nf3 Nc6 3. Bc4 Bc5 4. d3 d6 5. a3 Nf6 6. b4 Bb6 7. c3 Be6 8. Bb5
O-O 9. Bg5 Ne7 10. Bxf6 gxf6 11. Nh4 c6 12. Ba4 Kh8 13. Nd2 Rg8 14. Qf3 Ng6 15.
Nxg6+ Rxg6 16. h3 Qd7 17. g4 a5 18. Qd1 h5 19. Nf1 axb4 20. axb4 d5 21. Bc2 Rd8
22. Ng3 h4 23. Nf5 Bxf5 24. exf5 Rgg8 25. Qd2 Kh7 26. Kf1 d4 27. c4 Ra8 28.
Rxa8 Rxa8 29. Bd1 Ra1 30. Kg2 e4 31. dxe4 d3 32. g5 Qd4 33. gxf6 Qxe4+ 34. Bf3
Qd4 35. Rxa1 Qxa1 36. Qg5 1-0

[Event "XtraCon-Skakligaen"]
[Site "Denmark"]
[Date "2009.03.22"]
[Round "9.8"]
[White "Laursen, Niels Norskov"]
[Black "Rathlev, Jakob"]
[Result "1/2-1/2"]
[WhiteElo "2188"]
[BlackElo "2172"]
[PlyCount "85"]
[EventDate "2008.11.01"]
[EventType "team-tourn"]
[EventRounds "9"]
[EventCountry "DEN"]
[WhiteTeam "K41"]
[BlackTeam "Jetsmark"]
[WhiteTeamCountry "DEN"]
[BlackTeamCountry "DEN"]

1. e4 c5 2. Nf3 e6 3. d4 cxd4 4. Nxd4 a6 5. Nc3 Qc7 6. Bd3 Nf6 7. f4 b5 8. e5
b4 9. Ne4 Nxe4 10. Bxe4 Bb7 11. Qf3 Nc6 12. Nxc6 Bxc6 13. Bxc6 Qxc6 14. Qxc6
dxc6 15. Ke2 Be7 16. Rd1 Ra7 17. a3 bxa3 18. b3 Rg8 19. Kf3 Rd7 20. Rxd7 Kxd7
21. Bxa3 c5 22. Bb2 Ra8 23. Ke4 Kc6 24. Bc3 Kb5 25. g4 g6 26. Ra5+ Kb6 27. Ra4
Ra7 28. f5 Bg5 29. Ra1 Rd7 30. Rf1 c4 31. fxe6 fxe6 32. Rf8 cxb3 33. cxb3 Kc6
34. Ra8 Kb7 35. Re8 Re7 36. Rh8 Rf7 37. Re8 Re7 38. Rf8 Rc7 39. Bb4 Rc2 40.
Rf7+ Rc7 41. Rf8 Rc6 42. Rf7+ Rc7 43. Rf8 1/2-1/2